000 00598nam a2200205Ia 4500
003 GCL
008 140319s9999 xx 000 0 ara d
040 _aGCL /
_cGCL
082 0 4 _a701.18
_bع ج
100 1 _aعباس الصراف
245 1 0 _aجواد سليم : من رسالة دكتوراة فى النقد الفنى /
_cعباس الصراف
250 _aالاولى
300 _a160 ص
490 _aالسلسلة الفنية
_v0
650 0 4 _aالفن
650 0 4 _aالفن العربى
650 0 4 _aالنقد الفنى
650 0 4 _aجواد سليم
942 _2ddc
_cBK
999 _c48327
_d48327